UM Logo
Normal view MARC view
  • Liu, Qinghua.

Entry Personal Name

Number of records used in: 1

001 - CONTROL NUMBER

  • control field: 55904

003 - CONTROL NUMBER IDENTIFIER

  • control field: OSt

005 - DATE AND TIME OF LATEST TRANSACTION

  • control field: 20240403094238.0

008 - FIXED-LENGTH DATA ELEMENTS

  • fixed length control field: 240403|| aca||aabn | a|a d

040 ## - CATALOGING SOURCE

  • Original cataloging agency: OSt
  • Transcribing agency: OSt

100 ## - HEADING--PERSONAL NAME

  • Personal name: Liu, Qinghua.
  • Relator term: author.

670 ## - SOURCE DATA FOUND

  • Source citation: Work cat.: (OSt): Duan, Xinwei. author. 55901, Multivector model predictive power control with low computational burden for grid-tied quasi-Z-source inverter without weighting factors /, October 2022.